<?xml version="1.0" encoding="UTF-8"?>
<record
    xmlns:xsi="http://www.w3.org/2001/XMLSchema-instance"
    xsi:schemaLocation="http://www.loc.gov/MARC21/slim http://www.loc.gov/standards/marcxml/schema/MARC21slim.xsd"
    xmlns="http://www.loc.gov/MARC21/slim">

  <leader>01464nam a22003017a 4500</leader>
  <controlfield tag="003">NALT</controlfield>
  <controlfield tag="005">20240820155423.0</controlfield>
  <controlfield tag="008">      s2556    th                  tha d</controlfield>
  <datafield tag="020" ind1=" " ind2=" ">
    <subfield code="a">9789740210986</subfield>
  </datafield>
  <datafield tag="040" ind1=" " ind2=" ">
    <subfield code="a">NALT</subfield>
  </datafield>
  <datafield tag="041" ind1="1" ind2=" ">
    <subfield code="a">tha</subfield>
    <subfield code="h">eng</subfield>
  </datafield>
  <datafield tag="050" ind1=" " ind2=" ">
    <subfield code="a">UB 271.C6 </subfield>
    <subfield code="b">&#xE27;987&#xE01; 2556</subfield>
  </datafield>
  <datafield tag="100" ind1="1" ind2=" ">
    <subfield code="a">&#xE44;&#xE27;&#xE2A;&#xE4C;, &#xE40;&#xE14;&#xE27;&#xE34;&#xE14;</subfield>
    <subfield code="9">32567</subfield>
  </datafield>
  <datafield tag="245" ind1="1" ind2="0">
    <subfield code="a">&#xE01;&#xE31;&#xE1A;&#xE14;&#xE31;&#xE01;&#xE08;&#xE32;&#xE23;&#xE0A;&#xE19; = </subfield>
    <subfield code="b">Tiger trap : America's secret spy war with China /</subfield>
    <subfield code="c">David Wise, &#xE40;&#xE02;&#xE35;&#xE22;&#xE19; ; &#xE44;&#xE1E;&#xE23;&#xE31;&#xE15;&#xE19;&#xE4C; &#xE1E;&#xE07;&#xE28;&#xE4C;&#xE1E;&#xE32;&#xE19;&#xE34;&#xE0A;&#xE22;&#xE4C;, &#xE41;&#xE1B;&#xE25;.</subfield>
  </datafield>
  <datafield tag="246" ind1="3" ind2="0">
    <subfield code="a">&#xE01;&#xE31;&#xE1A;&#xE14;&#xE31;&#xE01;&#xE08;&#xE32;&#xE23;&#xE0A;&#xE19; : </subfield>
    <subfield code="b">&#xE2A;&#xE07;&#xE04;&#xE23;&#xE32;&#xE21;&#xE25;&#xE31;&#xE1A;&#xE23;&#xE30;&#xE2B;&#xE27;&#xE48;&#xE32;&#xE07;&#xE2A;&#xE2B;&#xE23;&#xE31;&#xE10;&#xE2D;&#xE40;&#xE21;&#xE23;&#xE34;&#xE01;&#xE32;&#xE01;&#xE31;&#xE1A;&#xE08;&#xE35;&#xE19;.</subfield>
  </datafield>
  <datafield tag="260" ind1=" " ind2=" ">
    <subfield code="a">&#xE01;&#xE23;&#xE38;&#xE07;&#xE40;&#xE17;&#xE1E;&#xE2F; : </subfield>
    <subfield code="b">&#xE21;&#xE15;&#xE34;&#xE0A;&#xE19;, </subfield>
    <subfield code="c">2556.</subfield>
  </datafield>
  <datafield tag="300" ind1=" " ind2=" ">
    <subfield code="a">395 &#xE2B;&#xE19;&#xE49;&#xE32; ;</subfield>
    <subfield code="b"> </subfield>
    <subfield code="c">21 &#xE0B;&#xE21;.</subfield>
  </datafield>
  <datafield tag="650" ind1=" " ind2="4">
    <subfield code="a">&#xE23;&#xE32;&#xE0A;&#xE01;&#xE32;&#xE23;&#xE25;&#xE31;&#xE1A;</subfield>
    <subfield code="9">32569</subfield>
    <subfield code="z">&#xE2A;&#xE2B;&#xE23;&#xE31;&#xE10;&#xE2D;&#xE40;&#xE21;&#xE23;&#xE34;&#xE01;&#xE32;</subfield>
  </datafield>
  <datafield tag="650" ind1=" " ind2="4">
    <subfield code="a">&#xE23;&#xE32;&#xE0A;&#xE01;&#xE32;&#xE23;&#xE25;&#xE31;&#xE1A;</subfield>
    <subfield code="9">32570</subfield>
    <subfield code="z">&#xE08;&#xE35;&#xE19;</subfield>
  </datafield>
  <datafield tag="650" ind1=" " ind2="4">
    <subfield code="a">&#xE08;&#xE32;&#xE23;&#xE01;&#xE23;&#xE23;&#xE21;</subfield>
    <subfield code="9">32571</subfield>
    <subfield code="z">&#xE2A;&#xE2B;&#xE23;&#xE31;&#xE10;&#xE2D;&#xE40;&#xE21;&#xE23;&#xE34;&#xE01;&#xE32;</subfield>
    <subfield code="x">&#xE1B;&#xE23;&#xE30;&#xE27;&#xE31;&#xE15;&#xE34;&#xE28;&#xE32;&#xE2A;&#xE15;&#xE23;&#xE4C;</subfield>
  </datafield>
  <datafield tag="650" ind1=" " ind2="4">
    <subfield code="a">&#xE08;&#xE32;&#xE23;&#xE01;&#xE23;&#xE23;&#xE21;</subfield>
    <subfield code="9">32572</subfield>
    <subfield code="z">&#xE08;&#xE35;&#xE19;</subfield>
    <subfield code="x">&#xE1B;&#xE23;&#xE30;&#xE27;&#xE31;&#xE15;&#xE34;&#xE28;&#xE32;&#xE2A;&#xE15;&#xE23;&#xE4C;</subfield>
  </datafield>
  <datafield tag="700" ind1="1" ind2=" ">
    <subfield code="9">32568</subfield>
    <subfield code="a">Wise, David </subfield>
  </datafield>
  <datafield tag="700" ind1="0" ind2=" ">
    <subfield code="a">&#xE44;&#xE1E;&#xE23;&#xE31;&#xE15;&#xE19;&#xE4C; &#xE1E;&#xE07;&#xE28;&#xE4C;&#xE1E;&#xE32;&#xE19;&#xE34;&#xE0A;&#xE22;&#xE4C; </subfield>
    <subfield code="9">10234</subfield>
  </datafield>
  <datafield tag="850" ind1=" " ind2=" ">
    <subfield code="a">NALT</subfield>
  </datafield>
  <datafield tag="942" ind1=" " ind2=" ">
    <subfield code="c">GB</subfield>
    <subfield code="2">lcc</subfield>
  </datafield>
  <datafield tag="996" ind1=" " ind2=" ">
    <subfield code="a">saiphon.d</subfield>
    <subfield code="b">CATSTF	</subfield>
    <subfield code="c">2023-12-25</subfield>
  </datafield>
  <datafield tag="999" ind1=" " ind2=" ">
    <subfield code="c">72800</subfield>
    <subfield code="d">72800</subfield>
  </datafield>
  <datafield tag="998" ind1=" " ind2=" ">
    <subfield code="j">8</subfield>
    <subfield code="k"> &#xE19;&#xE32;&#xE22;&#xE1A;&#xE31;&#xE13;&#xE11;&#xE34;&#xE15;  &#xE2D;&#xE38;&#xE17;&#xE32;&#xE27;&#xE07;&#xE04;&#xE4C;</subfield>
  </datafield>
  <datafield tag="952" ind1=" " ind2=" ">
    <subfield code="0">0</subfield>
    <subfield code="1">0</subfield>
    <subfield code="2">lcc</subfield>
    <subfield code="4">0</subfield>
    <subfield code="7">0</subfield>
    <subfield code="8">CGBL</subfield>
    <subfield code="a">NALT</subfield>
    <subfield code="b">NALT</subfield>
    <subfield code="c">GEN</subfield>
    <subfield code="d">2022-09-02</subfield>
    <subfield code="e">&#xE08;&#xE31;&#xE14;&#xE0B;&#xE37;&#xE49;&#xE2D;&#xE17;&#xE23;&#xE31;&#xE1E;&#xE22;&#xE32;&#xE01;&#xE23;</subfield>
    <subfield code="l">2</subfield>
    <subfield code="m">1</subfield>
    <subfield code="o">UB 271.C6 &#xE27;987&#xE01; 2556</subfield>
    <subfield code="p">3961199570</subfield>
    <subfield code="r">2024-09-04 00:00:00</subfield>
    <subfield code="s">2024-08-20</subfield>
    <subfield code="w">2017-06-09</subfield>
    <subfield code="y">GB</subfield>
  </datafield>
</record>
